Nanotechnology : (Record no. 175513)
[ view plain ]
| 000 -LEADER | |
|---|---|
| fixed length control field | 01270 a2200241 4500 |
| 003 - CONTROL NUMBER IDENTIFIER | |
| control field | Nust |
| 005 - DATE AND TIME OF LATEST TRANSACTION | |
| control field | 20220802132444.0 |
| 010 ## - LIBRARY OF CONGRESS CONTROL NUMBER | |
| LC control number | 2004053459 |
| 020 ## - INTERNATIONAL STANDARD BOOK NUMBER | |
| International Standard Book Number | 0471699764 (cloth) |
| 040 ## - CATALOGING SOURCE | |
| Transcribing agency | Nust |
| 082 00 - DEWEY DECIMAL CLASSIFICATION NUMBER | |
| Classification number | 620.5,THE |
| 100 1# - MAIN ENTRY--PERSONAL NAME | |
| Personal name | Theodore, Louis. |
| 9 (RLIN) | 6896 |
| 245 10 - TITLE STATEMENT | |
| Title | Nanotechnology : |
| Remainder of title | environmental implications and solutions / |
| Statement of responsibility, etc. | Louis Theodore, Robert G. Kunz ; foreword Rita D'Aquino. |
| 260 ## - PUBLICATION, DISTRIBUTION, ETC. | |
| Place of publication, distribution, etc. | Hoboken, NJ : |
| Name of publisher, distributor, etc. | John Wiley, |
| Date of publication, distribution, etc. | 2005. |
| 300 ## - PHYSICAL DESCRIPTION | |
| Extent | xvi, 378 p. : |
| Other physical details | ill. ; |
| Dimensions | 24 cm. |
| 505 ## - FORMATTED CONTENTS NOTE | |
| Formatted contents note | Nanotechnology/Environmental Overview (Page-1), Nanotechnology: Turning Basic Science into Reality (Page-61), AIR Issues (Page-109), Water Issues (Page-157), Solid Waste Issues (Page-201), Multimedia Analysis (Page-261), Health Risk Assessment (Page-273), Hazard Risk Assessment (Page-307), Ethical Considerations (Page-337), Future Trends (Page-349). |
| 650 #0 - SUBJECT ADDED ENTRY--TOPICAL TERM | |
| Topical term or geographic name entry element | Nanotechnology. |
| 9 (RLIN) | 2826 |
| 700 1# - ADDED ENTRY--PERSONAL NAME | |
| Personal name | Kunz, Robert G. |
| 9 (RLIN) | 96292 |
| 856 41 - ELECTRONIC LOCATION AND ACCESS | |
| Materials specified | Contributor biographical information |
| Uniform Resource Identifier | <a href="http://www.loc.gov/catdir/enhancements/fy0618/2004053459-b.html">http://www.loc.gov/catdir/enhancements/fy0618/2004053459-b.html</a> |
| 856 41 - ELECTRONIC LOCATION AND ACCESS | |
| Materials specified | Publisher description |
| Uniform Resource Identifier | <a href="http://www.loc.gov/catdir/enhancements/fy0618/2004053459-d.html">http://www.loc.gov/catdir/enhancements/fy0618/2004053459-d.html</a> |
| 856 41 - ELECTRONIC LOCATION AND ACCESS | |
| Materials specified | Table of contents only |
| Uniform Resource Identifier | <a href="http://www.loc.gov/catdir/toc/wiley051/2004053459.html">http://www.loc.gov/catdir/toc/wiley051/2004053459.html</a> |
| 942 ## - ADDED ENTRY ELEMENTS (KOHA) | |
| Koha item type | Reference |
| Source of classification or shelving scheme | |
| Withdrawn status | Lost status | Source of classification or shelving scheme | Damaged status | Not for loan | Permanent Location | Current Location | Shelving location | Date acquired | Full call number | Barcode | Date last seen | Price effective from | Koha item type | Public note |
|---|---|---|---|---|---|---|---|---|---|---|---|---|---|---|
| Military College of Signals (MCS) | Military College of Signals (MCS) | Reference | 12/12/2016 | 620.5,THE | MCS31623 | 12/08/2016 | 12/12/2016 | Reference | Almirah No.20, Shelf No.2 |
